000 00927nam a2200229Ii 4500
003 JO-AjNU
008 230605s9999||||xx |||||||||||||| ||und||
017 _a2013/9/3179
020 _a978-9957-484-24-8
040 _aJO-AjNU
_bara
_erda
_cJO-AjNU
041 _aara
050 1 4 _aBP173.755 2013
100 3 _aالجيوسي، عودة راشد ؛ تقديم : الحسن بن طلال ؛ ترجمة: جمانة وليد وآخرون ,
_eauthor
_956691
245 0 0 _aالإسلام والتنمية المستدامة رؤية جديدة
264 3 1 _aعمان: مؤسسة فريدريش ايبرت، 2013
300 _a208ص
336 _atext
_btxt
_2rdacontent
337 _aunmediated
_bn
_2rdamedia
338 _avolume
_bnc
_2rdacarrier
490 0 _aسلسلة التحول والابتكار
650 4 _aالاسلام والمجتمع- العالم الاسلامي- التنمية الاجتماعية
_956692
999 _aA25361
_c28929
_d28929